000 00636nam a22002177a 4500
005 20220426113539.0
008 220426b ||||| |||| 00| 0 eng d
020 _a0710086253
040 _cAL
041 _aEnglish
082 _223
_a199.439
_bGOLL
100 _aLucien Goldmann
_931899
245 _aLukacs and Heidegger: Towards a New Philosophy
260 _aLondon
_bRoutledge and Kegan Paul
_c1977
300 _axxii,112 p.
_bPB
_c21.5x13.5 cm.
650 _aLukacs Gyorgy
_931900
650 _aHeidegger Martin
_931901
700 _aGOLDMANN(Lucien)
_931902
700 _aBOELHOWER (William Q) Tr
_931903
942 _2ddc
_cGF
999 _c222630
_d222630